The Town and Country Planning (General Permitted Development) (Amendment) (Wales) Order 2006 (Record no. 105304)

MARC details
000 -LEADER
fixed length control field 01296cam a2200217 4500
001 - CONTROL NUMBER
control field ##L133001
008 - FIXED-LENGTH DATA ELEMENTS--GENERAL INFORMATION
fixed length control field 060403n2006 000 0 eng u
020 ## - INTERNATIONAL STANDARD BOOK NUMBER
International Standard Book Number 0110912608
035 ## - SYSTEM CONTROL NUMBER
System control number (Sirsi) u133001
041 0# - LANGUAGE CODE
Language code of text/sound track or separate title eng
245 04 - TITLE STATEMENT
Title The Town and Country Planning (General Permitted Development) (Amendment) (Wales) Order 2006
260 ## - PUBLICATION, DISTRIBUTION, ETC.
Place of publication, distribution, etc. London
Name of publisher, distributor, etc. TSO
Date of publication, distribution, etc. 2006
490 #0 - SERIES STATEMENT
Series statement Welsh Statutory Instrument
Volume/sequential designation SI 2006: 124 (W.17)
520 ## - SUMMARY, ETC.
Summary, etc. Amends the Town and Country Planning (General Permitted Development) Order 1995 Sched 2 Parts 1 and 25 (the 1995 Order) which confer permitted development rights in respect of the erection of satellite and microwave antenna (as defined in article 1(2) of the Order). The amendments apply in relation to Wales.
650 24 - SUBJECT ADDED ENTRY--TOPICAL TERM
Topical term or geographic name entry element TOWN AND COUNTRY PLANNING (GENERAL PERMITTED DEVELOPMENT) (AMENDMENT) (WALES) ORDER 2006
650 24 - SUBJECT ADDED ENTRY--TOPICAL TERM
Topical term or geographic name entry element TOWN AND COUNTRY PLANNING (GENERAL PERMITTED DEVELOPMENT) ORDER 1995 SCHED 2 PART1
650 24 - SUBJECT ADDED ENTRY--TOPICAL TERM
Topical term or geographic name entry element TOWN AND COUNTRY PLANNING (GENERAL PERMITTED DEVELOPMENT) ORDER 1995 SCHED 2 PART 25
690 ## - LOCAL SUBJECT ADDED ENTRY--TOPICAL TERM (OCLC, RLIN)
Topical term or geographic name as entry element ENVIRONMENTAL AND LAND CONSULTANCY-PLANNING AND DEVELOPMENT-DEVELOPMENT CONTROL
856 40 - ELECTRONIC LOCATION AND ACCESS
Uniform Resource Identifier <a href="https://www.opsi.gov.uk/legislation/wales/wsi2006/20060124e.htm">https://www.opsi.gov.uk/legislation/wales/wsi2006/20060124e.htm</a>
Public note View the Order free of charge at www.opsi.gov.uk...
942 ## - ADDED ENTRY ELEMENTS (KOHA)
Suppress in OPAC 0
Holdings
Withdrawn status Lost status Source of classification or shelving scheme Damaged status Not for loan Home library Current library Shelving location Date acquired Total Checkouts Full call number Barcode Date last seen Copy number Price effective from Koha item type
    Dewey Decimal Classification     Virtual Virtual Online 03/04/2006   ONLINE PUBLICATION 133001-2001 06/08/2019 1 06/08/2019 Book